• 首页
  • 本馆介绍
  • 公告通知
  • 最新文献
  • 馆藏检索
  • 电子资源
  • 读者导购
  • 参考咨询
  • 我的图书馆
  • 登录
  • 详细信息显示
  • 放入我的书架
  • 预约/预借图书
  • 作者相关作品
  • 分类相关作品
  • 丛书相关作品
  • 出版社相关作品

书目信息

  • 表格格式
  • 工作单格式
  • 卡片格式
题名:
企业经营沙盘模拟
    
 
作者: 于兆河 , 李艳杰 主编
分册:  
出版信息: 北京   科学出版社  2011
页数: 207页
开本: 26cm
丛书名:
单 册:
中图分类: F270.7
科图分类:
主题词: 计算机应用--Ji Suan Ji Ying Yong--企业经营管理--高等学校--教材
电子资源:
ISBN: 978-7-03-031668-4
000 01068nam0 22002771 450
001 350228
005 20161009084733.57
010    @a978-7-03-031668-4@dCNY23.00
100    @a20110721d2011 em y0chiy50 ea
101 0  @achi
102    @aCN@b110000
105    @aa z 000yy
106    @ar
200 1  @a企业经营沙盘模拟@AQi Ye Jing Ying Sha Pan Mo Ni@f于兆河,李艳杰主编
210    @a北京@c科学出版社@d2011
215    @a207页@c图@d26cm
300    @a普通高等教育“十二五”规划教材 高等院校经济管理类教材系列
312    @a封面英文题名:Enterprise operation sand table simulation
330    @a本书分为三大部分:预备篇——理论知识准备;演练篇——模拟操作准备;提高篇——模拟体验的升华。最后配以附录,用作对模拟体验的记载。
510 1  @aEnterprise operation sand table simulation@zeng
606 0  @a计算机应用@AJi Suan Ji Ying Yong@x企业经营管理@x高等学校@j教材
690    @aF270.7@v5
701  0 @a于兆河@AYu Zhao He@f(1969~)@4主编
701  0 @a李艳杰@ALi Yan Jie@c(企业管理)@4主编
801  0 @aCN@bTANGWEI@c20160803
905    @b0888965-9@dF270.7@e1257@f5
    
    企业经营沙盘模拟/于兆河,李艳杰主编 .-北京:科学出版社,2011
    207页:图;26cm
    普通高等教育“十二五”规划教材 高等院校经济管理类教材系列
    
    ISBN 978-7-03-031668-4:CNY23.00
    本书分为三大部分:预备篇——理论知识准备;演练篇——模拟操作准备;提高篇——模拟体验的升华。最后配以附录,用作对模拟体验的记载。
●
相关链接 在E读中查询图书 在五车中查询图书 在当当中查询图书 在豆瓣中查询图书


正题名:企业经营沙盘模拟     索取号:F270.7/1257         预约/预借

序号 登录号 条形码 馆藏地/架位号 状态 备注
1 0888965   208889657   第一样本阅览室/ [索取号:F270.7/1257] 在馆    
2 0888966   208889666   第一借阅区/ [索取号:F270.7/1257] 在馆    
3 0888967   208889675   第一借阅区/ [索取号:F270.7/1257] 在馆    
4 0888968   208889684   第一借阅区/ [索取号:F270.7/1257] 在馆    
5 0888969   208889693   密集书库-海洋学院/ [索取号:F270.7/1257] 在馆    
唐山师范学院图书馆 欢迎您!
大连网信软件有限公司© 版权所有